Southville International School and Colleges
Your cart is empty.
  • Cart
  • Lists
    Public lists Eva Luna New books Lux_list list_1
    Your lists Log in to create your own lists
  • Log in to your account
  • Your cookies
  • Search history
Southville International School and Colleges
  • Advanced search
  • Recent comments
  • Most popular
  • Libraries

Log in to your account

Log in with GOOGLE


If you do not have an external account, but do have a local account, you can still log in:

  1. Home
  2. MARC view: Amazing Grace /
Normal view MARC view ISBD view

Amazing Grace / (Record no. 103680)

[ view plain ]
MARC details
000 -LEADER
fixed length control field 00712nam a2200193 a 4500
005 - DATE AND TIME OF LATEST TRANSACTION
control field 20140412111306.0
008 - FIXED-LENGTH DATA ELEMENTS--GENERAL INFORMATION
fixed length control field 000818s19uu xx 00 eng d
020 ## - INTERNATIONAL STANDARD BOOK NUMBER
International Standard Book Number 0-8037-1040-2
050 ## - LIBRARY OF CONGRESS CALL NUMBER
Classification number TR(PS E
Item number Am1 1991
100 ## - MAIN ENTRY--PERSONAL NAME
Personal name Hoffman, Mary
245 ## - TITLE STATEMENT
Title Amazing Grace /
Statement of responsibility, etc by Mary Hoffman; Caroline Binch.
260 ## - PUBLICATION, DISTRIBUTION, ETC. (IMPRINT)
Place of publication, distribution, etc New York :
Name of publisher, distributor, etc Dial Books for Young Readers,
Date of publication, distribution, etc 1991.
300 ## - PHYSICAL DESCRIPTION
Extent 1 v. (unp.) ; ill.
520 ## - SUMMARY, ETC.
Summary, etc Although classmates say that she cannot play Peter Pan in the school play becuase she is black and a girl, Grace discovers that she can do anything she sets her ind to do.
650 ## - SUBJECT ADDED ENTRY--TOPICAL TERM
Topical term or geographic name as entry element Afro-American-Fiction
650 ## - SUBJECT ADDED ENTRY--TOPICAL TERM
Topical term or geographic name as entry element Identity-Fiction
650 ## - SUBJECT ADDED ENTRY--TOPICAL TERM
Topical term or geographic name as entry element Theater-Fiction
Holdings
Withdrawn status Lost status Damaged status Home library Current library Shelving location Date acquired Source of acquisition Total Checkouts Full call number Barcode Date last seen Price effective from Koha item type
      Elizalde Library Elizalde Library Teachers Reference Section 04/26/2001     TR(PS E Am1 1991 E5713 04/12/2014 04/12/2014 Books

Amazing Grace /

APA

Hoffman M., . (1991). Amazing Grace. New York: Dial Books for Young Readers.

Chicago

Hoffman Mary, . 1991. Amazing Grace. New York: Dial Books for Young Readers.

Harvard

Hoffman M., . (1991). Amazing Grace. New York: Dial Books for Young Readers.

MLA

Hoffman Mary, . Amazing Grace. New York: Dial Books for Young Readers. 1991.

  • Place hold
  • Print
  • Cite
  • Add to your cart (remove)
  • Save record
    BIBTEX Dublin Core MARCXML MARC (non-Unicode/MARC-8) MARC (Unicode/UTF-8) MARC (Unicode/UTF-8, Standard) MODS (XML) RIS
  • More searches
    Search for this title in:
    Other Libraries (WorldCat) Other Databases (Google Scholar) Online Stores (Bookfinder.com) Open Library (openlibrary.org)

Exporting to Dublin Core...

SOUTHVILLE LIBRARY

Southville International School and Colleges Library

1281 Tropical Ave. Cor. Luxembourg St., BF Homes International, Las Pinas City

Tel. No. 8256374 / 252358 Loc. 117/146

Powered by Koha